| 000 | 00379nam a2200145 i 4500 | ||
|---|---|---|---|
| 001 | bg | ||
| 100 | 1 | _aNOWAKOWSKI, Wojciech | |
| 245 | 0 |
_aLaboratorium układów elektronicznych / _cWojciech Nowakowski, Andrzej Obłój. |
|
| 260 |
_aWarszawa, _c1989. |
||
| 700 | 1 | _aOBŁÓJ, Andrzej | |
| 040 | _cBPK | ||
| 041 | _apol | ||
| 942 | _cKS | ||
| 008 | s pl f |000 0 pol | ||
| 999 |
_c4252 _d4252 |
||
| 856 |
_uhttp://koha.tu.koszalin.pl/cgi-bin/koha/opac-detail.pl?biblionumber=4252 _yKatalog online BPK |
||